Phương pháp phần tử biên
Kaydedildi:
| Yazar: | |
|---|---|
| Materyal Türü: | Kitap |
| Dil: | Undetermined |
| Baskı/Yayın Bilgisi: |
KHKT
2002
|
| Konular: | |
| Etiketler: |
Etiketle
Etiket eklenmemiş, İlk siz ekleyin!
|
| Thư viện lưu trữ: | Trung tâm Học liệu Trường Đại học Cần Thơ |
|---|
| LEADER | 00490nam a2200181Ia 4500 | ||
|---|---|---|---|
| 001 | CTU_51122 | ||
| 008 | 210402s9999 xx 000 0 und d | ||
| 020 | |b 32000 | ||
| 082 | |a 620.1064 | ||
| 082 | |b Gi106 | ||
| 100 | |a Phạm Hồng Giang | ||
| 245 | 0 | |a Phương pháp phần tử biên | |
| 245 | 0 | |c Phạm Hồng Giang | |
| 260 | |b KHKT | ||
| 260 | |c 2002 | ||
| 650 | |a boundary element methods | ||
| 904 | |i Minh | ||
| 980 | |a Trung tâm Học liệu Trường Đại học Cần Thơ | ||